Statystyki dla 15 krajów o największej liczbie zgonów Covid19 - 18 maja

Kliknij tutaj aby rozwiązać quiz!

Ogólne statystyki

  • Ten quiz został rozwiązany 65 razy
  • Średni wynik to 10 z 21

Statystyki odpowiedzi

kraj% Poprawnych
Chiny
91%
Stany Zjednoczone
85%
Włochy
80%
Niemcy
76%
Hiszpania
72%
Francja
69%
Wielka Brytania
69%
Brazylia
65%
Kanada
63%
Meksyk
44%
Holandia
37%
Portugalia
37%
Szwecja
37%
Szwecja
37%
Belgia
35%
Turcja
35%
Iran
33%
Szwajcaria
28%
Dania
24%
Irlandia
24%
Ekwador
4%

Rozkład punktacji

Percentyl według liczby udzielonych odpowiedzi

Procent ludzi z każdym wynikiem

Twoja historia wyników

Nie rozwiązałeś tego quizu